| 000 | 01078nam a2200301 a 4500 | ||
|---|---|---|---|
| 001 | 000003232 | ||
| 003 | DO-SdBNP | ||
| 005 | 20220603104048.0 | ||
| 008 | 090707s2008 dr a r 001 0 spa d | ||
| 020 | _a9789945162424 | ||
| 040 |
_aDO-SdBNP _bspa _cBNPHU |
||
| 082 |
_a641.5636 _bM671c, 2008 |
||
| 100 | 1 |
_aMir, Eridania _910197 |
|
| 245 | 1 | 0 |
_a100 recetas de berenjenas / _cEridania Mir ; prólogo Esperanza Lithgow. |
| 246 | 1 | _aCien recetas de berenjenas | |
| 250 | _a3a ed. | ||
| 260 |
_aSanto Domingo : _bBúho, _c2008. |
||
| 300 |
_a133 p. : _bil. ; _c22 cm. |
||
| 505 | _aPrólogo -- Presentación -- La berenjena -- Recomendaciones -- Entradas -- Ensaladas -- Guarniciones -- Pastelones -- Otros -- Postres. | ||
| 590 | _aLa biblioteca posee 1 ejemplar autografiado por la autora | ||
| 590 | _aInventariado, 2018/BT | ||
| 650 | 4 |
_aCocina vegetariana _9361 |
|
| 650 | 4 |
_aBerenjena (cocina) _910198 |
|
| 650 | 4 |
_aCocina dominicana _9192 |
|
| 700 | 1 |
_aLithgow, Esperanza, _epról. _910199 |
|
| 910 | _aValidado. Control de calidad. MMOLINA | ||
| 942 |
_2ddc _cLBS1 |
||
| 999 |
_c3063 _d3063 |
||